Report of the Comptroller and Auditor General of India, Chhattisgarh (General, social and economic sectors) (Record no. 507680)

000 -LEADER
fixed length control field 00547cam a22001457a 4500
008 - FIXED-LENGTH DATA ELEMENTS--GENERAL INFORMATION
fixed length control field 180718b-- xxu||||| |||| 00| 0 eng d
082 ## - DEWEY DECIMAL CLASSIFICATION NUMBER
Classification number L906x54221 C/C
245 ## - TITLE STATEMENT
Title Report of the Comptroller and Auditor General of India, Chhattisgarh (General, social and economic sectors)
260 ## - PUBLICATION, DISTRIBUTION, ETC. (IMPRINT)
Place of publication, distribution, etc Raipur
Name of publisher, distributor, etc Comptroller and Auditor General of India
Date of publication, distribution, etc --
300 ## - PHYSICAL DESCRIPTION
Extent v.p.
500 ## - GENERAL NOTE
General note Library has 2010/11,2016-17
650 ## - SUBJECT ADDED ENTRY--TOPICAL TERM
Topical term or geographic name as entry element Auditing - India - Chhattisgarh
9 (RLIN) 2228
700 ## - ADDED ENTRY--PERSONAL NAME
Personal name Chhattisgarh. Comptroller and Auditor General of India
9 (RLIN) 2229
942 ## - ADDED ENTRY ELEMENTS (KOHA)
Source of classification or shelving scheme
Holdings
Withdrawn status Lost status Source of classification or shelving scheme Damaged status Koha normalized classification for sorting Not for loan Permanent location Current location Date acquired Full call number Barcode Date last seen Price effective from Koha item type
        L_906X54221_C_C   Indian Institute of Public Administration Indian Institute of Public Administration 2019-02-21 L906x54221 C/C GG34626 2019-02-21 2019-02-21 GG
        L_906X54221_C_C   Indian Institute of Public Administration Indian Institute of Public Administration 2019-02-21 L906x54221 C/C GG34627 2019-02-21 2019-02-21 GG

Powered by Koha